You are my destiny /

Spremljeno u:
Bibliografski detalji
Glavni autor: De Paola, Lucia Piera (Autor)
Format: Knjiga
Jezik:talijanski
Izdano: Roma : Serarcangeli, 2006
Serija:Nuovepagine
Oznake: Dodaj oznaku
Bez oznaka, Budi prvi tko označuje ovaj zapis!

MARC

LEADER 00000nam a22000007i 4500
001 IT\ICCU\RML\0164220
003 ItRI
005 20250731224618.0
008 070110s2006 it |||||| ||||| |||||c
020 |a 887408062X 
040 |b ita  |c ct 
041 7 |a ita  |2 ISO-639-2 
100 1 |a De Paola, Lucia Piera  |0 IT\ICCU\RMLV\064426  |4 aut 
245 1 0 |a You are my destiny /  |c Lucia Piera De Paola. 
260 |a Roma :  |b Serarcangeli,  |c 2006 
300 |a 127 p. ;  |c 21 cm. 
830 0 |a Nuovepagine  |0 IT\ICCU\CFI\0249645 
942 |2 ddc  |c BK 
952 |0 0  |1 0  |2 ddc  |4 0  |6 B_LNR02DEPLUYOU11  |7 0  |9 6198  |a MI  |b MI  |d 2006-09-27  |i 5229  |l 0  |o B-LNR02-DEPLU-YOU11  |p CDOM5229  |r 2025-07-13 16:28:13  |w 2025-07-13  |x ACQUISTO  |y BK 
981 1 |6 z01  |a i   |b xxxe  
982 1 |6 z01  |a n 
999 |c 4962  |d 4962